000 00725nam a2200229 i 4500
003 DO-SdBNP
005 20240523110137.0
007 ta
008 240523s1980 dr 000 0 spa d
040 _aDO-SdBNP
_bspa
_cBNPHU
_erda
082 _bM935
_222
110 _aMovimiento de unidad socialista
_985539
245 1 0 _aSituación actual, unidad de la izquierda :
_by tareas del movimiento de unidad socialista /
264 1 _aSanto Domingo :
_bPoder popular,
_bAlfa y Omega
_c1980.
300 _a137 páginas ;
_c17 cm.
336 _2rdacontent
_atexto
_btxt
337 _2rdamedia
_asin mediación
_bn
338 _2rdacarrier
_avolumen
_bnc
590 _aInventariado, 2024/ YL
910 _aYLockward
942 _2ddc
_cLBS1
999 _c56734
_d56734